|
|
|
|
| LEADER |
00000nam0a2200000 4500 |
| 001 |
254958 |
| 005 |
20231101233001.0 |
| 010 |
|
|
|a 5520000034
|
| 035 |
|
|
|a (RuTPU)RU\TPU\book\277460
|
| 090 |
|
|
|a 254958
|
| 100 |
|
|
|a 20140325d1989 km y0rusy50 ca
|
| 101 |
0 |
|
|a rus
|
| 102 |
|
|
|a GE
|
| 105 |
|
|
|a y z 001zy
|
| 200 |
1 |
|
|a Ряды Фурье и граничные свойства функций
|f Академия наук Грузинской ССР (АН ГрузССР), Тбилисский математический институт им. А. М. Размадзе
|
| 210 |
|
|
|a Тбилиси
|c Мецниереба
|d 1989
|
| 215 |
|
|
|a 95 с.
|
| 225 |
1 |
|
|a Труды Тбилисского математического института им. А. М. Размадзе
|v Т. 89
|
| 320 |
|
|
|a Библиография в конце статей
|
| 606 |
1 |
|
|a Ряды Фурье
|2 stltpush
|3 (RuTPU)RU\TPU\subj\26474
|9 50394
|
| 610 |
1 |
|
|a сходимость
|
| 610 |
1 |
|
|a расходимость
|
| 610 |
1 |
|
|a весовые неравенства
|
| 610 |
1 |
|
|a анизотропные потенциалы
|
| 610 |
1 |
|
|a голоморфные функции
|
| 610 |
1 |
|
|a сингуляционные интегралы
|
| 675 |
|
|
|a 517.518.4
|v 3
|
| 712 |
0 |
2 |
|a Академия наук Грузинской ССР (АН ГрузССР)
|b Тбилисский математический институт им. А. М. Размадзе
|2 stltpush
|3 (RuTPU)RU\TPU\col\19405
|
| 801 |
|
1 |
|a RU
|b 63413507
|c 20140325
|
| 801 |
|
2 |
|a RU
|b 63413507
|c 20140417
|g RCR
|
| 942 |
|
|
|c BK
|